00842nam a2200205 a 450000100100000000500170001000800410002702000180006804000250008608200270011124501780013825000120031626000400032830000270036850000650039550000920046070000320055270000250058470000270060900004727920201002053517.0180426s2017 dr a 000 0 spa d a9789945194739 aDO-SdBNPbspacBNPHU axxxbL566e, 1ro., 201700aLengua española 1 :bprimero ciclo, educación primaria /cMaria Isabel Incháustegui ... [et al.] ; dirección editorial Claudia Llibre; ilustración Ruddy Núñez. a2a. ed. aSanto Domingo :bSantillana,c2017. a231p. :bil. ;c29 cm. aActualización según el nuevo diseño curricular oficial ala biblioteca posee solamente Guía didáctica. Recursos didácticos para el docente1 aIncháutegui, Maria Isabel1 aLibre, Claudia,eed.1 aNúñez, Ruddy,eil.